Map of Europe by Flag Colors - Easy - Statistics

General Stats
  • This quiz has been taken 392 times
  • The average score is 138 of 142
Answers on the Map
Answers color-coded by a green-red scale on the quiz's map according to % correct below.
 
Answer Stats
Country Color % Correct
Andorra | Bosnia andHerzegovina | Croatia | +22 others Blue
99%
Latvia Carmine
99%
Croatia | Luxembourg | San Marino Light blue
99%
Albania | Andorra | Austria | +32 others Red
99%
Spain Red (darker)
99%
Spain Beige
98%
Germany | Kosovo | Montenegro | +2 others Gold
98%
Belarus | Bulgaria | Hungary | +8 others Green
98%
Austria | Belarus | Bosnia and Herzegovina | +30 others White
98%
Andorra | Belgium | Bosnia and Herzegovina | +13 others Yellow
98%
Albania | Belgium | Croatia | +2 others Black
96%
Ireland Orange
95%
Andorra Brown
75%
Moldova Brown
62%
Spain | Vatican City Gray
60%
Spain Pink
60%
No matching quizzes found
Score Distribution
Percent of People with Each Score
Percentile by Number Answered
Your Score History
You have not taken this quiz